[Event "World Chess Olympiad 2018"]
[Site "Batumi"]
[Date "2018.10.05"]
[Round "11"]
[Board "3"]
[WhiteFideId "16100352"]
[White "Mohamud Hussein Ali"]
[BlackFideId "19800380"]
[Black "Maiga Baba Moulaye Abdalla"]
[Result "1-0"]
[LiveChessVersion "1.4.8"]
[BlackElo "1978"]
[WhiteElo "1694"]

1. e4 {[%clk 1:30:53]} e5 {[%clk 1:30:55]} 2. Nf3 {[%clk 1:31:17]} Nc6
{[%clk 1:31:12]} 3. Bc4 {[%clk 1:31:29]} d6 {[%clk 1:31:35]} 4. c3
{[%clk 1:31:53]} Be7 {[%clk 1:31:33]} 5. Qb3 {[%clk 1:28:45]} Na5
{[%clk 1:30:09]} 6. Bxf7+ {[%clk 1:25:22]} Kf8 {[%clk 1:30:13]} 7. Qa4
{[%clk 1:25:34]} c6 {[%clk 1:28:35]} 8. Bxg8 {[%clk 1:25:46]} Rxg8
{[%clk 1:28:49]} 9. b4 {[%clk 1:25:05]} Nc4 {[%clk 1:29:16]} 10. d3
{[%clk 1:23:37]} Nb6 {[%clk 1:29:38]} 11. Qb3 {[%clk 1:23:35]} a5
{[%clk 1:29:54]} 12. Be3 {[%clk 1:21:03]} Nd7 {[%clk 1:29:31]} 13. Nbd2
{[%clk 1:19:49]} a4 {[%clk 1:29:15]} 14. Qc2 {[%clk 1:19:19]} Kf7
{[%clk 1:28:09]} 15. a3 {[%clk 1:19:26]} Nb6 {[%clk 1:27:57]} 16. d4
{[%clk 1:18:31]} Bf6 {[%clk 1:26:50]} 17. dxe5 {[%clk 1:18:52]} dxe5 18. Rd1 Qc7
{[%clk 1:24:48]} 19. Bxb6 {[%clk 1:18:28]} Qxb6 {[%clk 1:25:15]} 20. Nc4
{[%clk 1:18:21]} Qc7 {[%clk 1:25:26]} 21. Nd6+ {[%clk 1:18:12]} Ke7
{[%clk 1:23:51]} 22. c4 {[%clk 1:11:30]} Be6 {[%clk 1:22:13]} 23. Qc3
{[%clk 1:10:27]} Bg4 {[%clk 1:18:07]} 24. c5 {[%clk 1:09:50]} b5 {[%clk 1:14:30]}
25. h3 {[%clk 1:09:09]} Bxf3 {[%clk 1:12:51]} 26. Qxf3 {[%clk 1:09:15]} g6
{[%clk 1:09:32]} 27. O-O {[%clk 1:05:52]} Raf8 {[%clk 1:08:40]} 28. Qe3
{[%clk 0:56:54]} Bg7 {[%clk 1:05:25]} 29. g3 {[%clk 0:49:32]} Rf6
{[%clk 1:02:32]} 30. Qg5 {[%clk 0:49:17]} Ke6 {[%clk 1:01:05]} 31. f4
{[%clk 0:43:16]} exf4 {[%clk 0:53:54]} 32. gxf4 {[%clk 0:43:12]} Rff8
{[%clk 0:50:45]} 33. f5+ {[%clk 0:43:00]} gxf5 34. exf5+ Kd7 {[%clk 0:48:41]} 35.
Kh1 {[%clk 0:34:56]} Qb8 {[%clk 0:40:07]} 36. Qe3 {[%clk 0:32:41]} Rf6
{[%clk 0:36:13]} 37. Rfe1 {[%clk 0:26:50]} Qf8 {[%clk 0:34:40]} 38. Nf7+
{[%clk 0:11:59]} Kc8 {[%clk 0:26:33]} 39. Rd8+ {[%clk 0:07:39]} Qxd8
{[%clk 0:26:47]} 40. Nxd8 {[%clk 0:08:03]} Rxd8 {[%clk 0:27:09]} 41. Qg5
{[%clk 0:07:20]} Bh8 {[%clk 0:19:40]} 42. Re7 {[%clk 0:37:01]} Rff8
{[%clk 0:40:55]} 43. Re6 {[%clk 0:32:07]} Kb8 {[%clk 0:36:54]} 44. Qf4+
{[%clk 0:28:13]} Kb7 {[%clk 0:36:45]} 45. Re7+ {[%clk 0:25:36]} Ka8
{[%clk 0:32:11]} 46. Qc7 {[%clk 0:22:04]} Rd1+ {[%clk 0:32:10]} 47. Kg2
{[%clk 0:22:12]} Rd2+ {[%clk 0:29:08]} 48. Kf3 {[%clk 0:22:02]} Rxf5+
{[%clk 0:28:38]} 49. Kg4 {[%clk 0:21:46]} h5+ {[%clk 0:25:42]} 50. Kxf5
{[%clk 0:22:00]} Rf2+ {[%clk 0:25:53]} 1-0

[Event "World Chess Olympiad 2018"]
[Site "Batumi"]
[Date "2018.10.05"]
[Round "11"]
[Board "4"]
[WhiteFideId "19800061"]
[White "Toure Amadou"]
[BlackFideId "16100468"]
[Black "Abdikani Nor Mohamed"]
[Result "1-0"]
[LiveChessVersion "1.4.8"]
[BlackElo "1517"]
[WhiteElo "1859"]

1. f4 {[%clk 1:30:37]} e6 {[%clk 1:29:54]} 2. Nf3 {[%clk 1:31:00]} d5
{[%clk 1:30:00]} 3. e3 {[%clk 1:31:16]} g6 {[%clk 1:25:23]} 4. Be2
{[%clk 1:29:28]} Bg7 {[%clk 1:25:36]} 5. O-O {[%clk 1:28:35]} Nf6
{[%clk 1:25:38]} 6. Nc3 {[%clk 1:28:09]} O-O {[%clk 1:25:40]} 7. Rb1
{[%clk 1:24:00]} c5 {[%clk 1:23:27]} 8. a3 {[%clk 1:21:35]} Nc6 {[%clk 1:19:58]}
9. Bb5 {[%clk 1:18:07]} Bd7 {[%clk 1:14:41]} 10. Ne2 {[%clk 1:14:52]} a6
{[%clk 1:13:04]} 11. Bxc6 {[%clk 1:14:55]} Bxc6 {[%clk 1:13:19]} 12. b4
{[%clk 1:13:30]} b6 {[%clk 1:01:57]} 13. d3 {[%clk 1:08:13]} Rb8 {[%clk 0:53:33]}
14. h3 {[%clk 1:05:47]} Nd7 {[%clk 0:43:50]} 15. Bb2 {[%clk 1:01:24]} Qe7
{[%clk 0:39:58]} 16. Bxg7 {[%clk 1:01:07]} Kxg7 {[%clk 0:39:59]} 17. Qd2
{[%clk 0:57:06]} h6 {[%clk 0:34:21]} 18. Ng3 {[%clk 0:56:01]} Qf6
{[%clk 0:30:52]} 19. e4 {[%clk 0:52:21]} Qe7 {[%clk 0:18:32]} 20. Nh2
{[%clk 0:46:56]} f5 {[%clk 0:14:06]} 21. Rbe1 {[%clk 0:45:11]} Qd6
{[%clk 0:11:55]} 22. exf5 {[%clk 0:44:37]} exf5 {[%clk 0:12:12]} 23. Re2
{[%clk 0:43:42]} Rfe8 {[%clk 0:10:33]} 24. Rfe1 {[%clk 0:43:38]} Kf7
{[%clk 0:10:06]} 25. Nf3 {[%clk 0:39:34]} Rxe2 {[%clk 0:07:13]} 26. Rxe2
{[%clk 0:40:03]} Re8 {[%clk 0:07:06]} 27. d4 {[%clk 0:38:16]} Rxe2
{[%clk 0:05:56]} 28. Nxe2 {[%clk 0:38:41]} Bb5 {[%clk 0:04:33]} 29. Nc3
{[%clk 0:37:41]} Bc4 {[%clk 0:03:42]} 30. Ne5+ {[%clk 0:36:10]} Nxe5
{[%clk 0:03:48]} 31. fxe5 {[%clk 0:36:33]} Qf8 {[%clk 0:04:05]} 32. Na4
{[%clk 0:33:47]} cxb4 {[%clk 0:01:30]} 33. axb4 {[%clk 0:33:58]} b5
{[%clk 0:01:42]} 34. Nc5 {[%clk 0:33:15]} g5 {[%clk 0:01:31]} 35. Qe3
{[%clk 0:32:30]} Ke7 {[%clk 0:01:24]} 36. Qa3 {[%clk 0:31:26]} Qa8
{[%clk 0:00:47]} 37. Qa5 {[%clk 0:31:25]} Qa7 {[%clk 0:01:01]} 38. c3
{[%clk 0:30:09]} f4 {[%clk 0:00:54]} 39. Qa1 {[%clk 0:29:23]} Kf8
{[%clk 0:00:34]} 40. e6 {[%clk 0:58:44]} Ke7 {[%clk 0:30:48]} 41. Qb1
{[%clk 0:58:07]} Kf6 {[%clk 0:28:58]} 42. Qe1 {[%clk 0:56:01]} Qc7
{[%clk 0:25:21]} 43. Nxa6 {[%clk 0:56:02]} Qd6 {[%clk 0:25:16]} 44. Nc5
{[%clk 0:56:05]} f3 {[%clk 0:15:46]} 45. gxf3 {[%clk 0:55:02]} Ke7
{[%clk 0:13:18]} 46. Qe5 {[%clk 0:53:22]} Qxe5 {[%clk 0:12:49]} 47. dxe5
{[%clk 0:53:50]} Ba2 {[%clk 0:11:52]} 48. Kf2 {[%clk 0:53:45]} Bb1
{[%clk 0:12:21]} 49. Kg3 {[%clk 0:53:28]} Bf5 {[%clk 0:11:22]} 50. h4
{[%clk 0:50:36]} Ke8 {[%clk 0:05:19]} 51. hxg5 {[%clk 0:50:34]} hxg5
{[%clk 0:05:37]} 52. f4 {[%clk 0:50:45]} g4 {[%clk 0:05:38]} 53. Nb7
{[%clk 0:50:52]} Ke7 {[%clk 0:03:24]} 54. Nd6 {[%clk 0:51:14]} Kxe6 55. Nxb5
{[%clk 0:51:39]} Ke7 {[%clk 0:02:20]} 56. Nd4 {[%clk 0:51:47]} Bc8
{[%clk 0:01:36]} 57. f5 {[%clk 0:52:13]} Kf7 {[%clk 0:00:47]} 58. Kxg4
{[%clk 0:52:19]} Bxf5+ {[%clk 0:00:54]} 59. Kxf5 {[%clk 0:52:17]} 1-0

[Event "World Chess Olympiad 2018"]
[Site "Batumi"]
[Date "2018.10.05"]
[Round "11"]
[Board "1"]
[WhiteFideId "14306352"]
[White "Lima Osvaldo Dos Santos"]
[BlackFideId "15700356"]
[Black "Altaye Girum Teklewold"]
[Result "1-0"]
[LiveChessVersion "1.4.8"]
[BlackElo "1986"]
[WhiteElo "1803"]

1. c4 {[%clk 1:30:54]} e6 {[%clk 1:30:44]} 2. Nc3 {[%clk 1:31:21]} d5
{[%clk 1:31:03]} 3. d4 {[%clk 1:30:12]} Nf6 {[%clk 1:31:20]} 4. Nf3
{[%clk 1:28:54]} a6 {[%clk 1:31:25]} 5. Bf4 {[%clk 1:27:47]} Be7 {[%clk 1:31:29]}
6. e3 {[%clk 1:27:30]} O-O {[%clk 1:31:46]} 7. Bd3 {[%clk 1:27:33]} dxc4
{[%clk 1:32:04]} 8. Bxc4 {[%clk 1:27:28]} b5 {[%clk 1:32:23]} 9. Bd3
{[%clk 1:27:16]} Bb7 {[%clk 1:32:45]} 10. O-O {[%clk 1:26:37]} Nbd7
{[%clk 1:33:09]} 11. Rc1 {[%clk 1:25:19]} c5 {[%clk 1:33:29]} 12. dxc5
{[%clk 1:25:26]} Nxc5 {[%clk 1:33:21]} 13. Bb1 {[%clk 1:25:39]} Qb6
{[%clk 1:32:48]} 14. b4 {[%clk 1:23:34]} Ncd7 {[%clk 1:33:03]} 15. a3
{[%clk 1:21:53]} Rfd8 {[%clk 1:33:20]} 16. Qb3 {[%clk 1:18:57]} Rac8
{[%clk 1:33:20]} 17. e4 {[%clk 1:14:59]} Qa7 {[%clk 1:32:58]} 18. Bg5
{[%clk 1:13:50]} h6 {[%clk 1:26:11]} 19. Be3 {[%clk 1:13:13]} Qa8
{[%clk 1:26:25]} 20. Nd2 {[%clk 1:06:09]} Nf8 {[%clk 1:23:07]} 21. f3
{[%clk 1:05:50]} Bd6 {[%clk 1:23:08]} 22. Ne2 {[%clk 1:00:56]} Qb8
{[%clk 1:20:44]} 23. g3 {[%clk 0:59:38]} Ng6 {[%clk 1:20:29]} 24. Rfd1
{[%clk 0:51:39]} Ba8 {[%clk 1:19:46]} 25. Rxc8 Rxc8 {[%clk 1:19:37]} 26. Kf2
{[%clk 0:30:58]} Rd8 {[%clk 1:15:29]} 27. Nc1 {[%clk 0:24:09]} Ne5
{[%clk 1:13:34]} 28. Nd3 {[%clk 0:23:31]} Nxd3+ {[%clk 1:11:03]} 29. Bxd3
{[%clk 0:23:24]} Bc7 {[%clk 1:11:08]} 30. Ke2 {[%clk 0:17:25]} Bb6
{[%clk 1:09:05]} 31. Bc5 {[%clk 0:16:24]} Nd7 {[%clk 1:07:40]} 32. Qc2
{[%clk 0:16:51]} Ne5 {[%clk 1:00:23]} 33. Nb3 {[%clk 0:16:51]} f5
{[%clk 1:00:10]} 34. Bxb6 {[%clk 0:16:03]} Qxb6 {[%clk 0:59:29]} 35. Nc5
{[%clk 0:15:06]} Rd6 {[%clk 0:50:51]} 36. Qc3 {[%clk 0:14:41]} Nxd3
{[%clk 0:49:16]} 37. Rxd3 {[%clk 0:14:15]} fxe4 {[%clk 0:43:33]} 38. fxe4
{[%clk 0:13:01]} Rxd3 {[%clk 0:43:16]} 39. Qxd3 {[%clk 0:13:29]} a5
{[%clk 0:43:11]} 40. Qd7 {[%clk 0:43:17]} axb4 {[%clk 1:12:10]} 41. axb4
{[%clk 0:43:11]} Qc6 {[%clk 1:11:58]} 42. Qxe6+ {[%clk 0:40:22]} Qxe6
{[%clk 1:12:05]} 43. Nxe6 {[%clk 0:40:37]} Bxe4 {[%clk 1:12:27]} 44. Ke3
{[%clk 0:40:47]} Bd5 {[%clk 1:10:18]} 45. Nc7 {[%clk 0:41:02]} Bc4
{[%clk 1:10:07]} 46. Kd4 {[%clk 0:40:28]} g5 {[%clk 1:10:22]} 47. Kc5
{[%clk 0:40:39]} Kg7 {[%clk 1:10:34]} 48. Nxb5 {[%clk 0:40:41]} Bf1
{[%clk 1:10:28]} 49. Nd6 {[%clk 0:40:59]} h5 {[%clk 1:10:45]} 50. b5
{[%clk 0:40:15]} Kf6 {[%clk 1:10:45]} 51. b6 {[%clk 0:39:31]} Bg2
{[%clk 1:10:59]} 52. Kd4 {[%clk 0:39:23]} Ke6 {[%clk 1:10:11]} 53. b7
{[%clk 0:39:40]} Bxb7 {[%clk 1:10:28]} 54. Nxb7 {[%clk 0:39:57]} Kf5
{[%clk 1:10:50]} 55. Ke3 {[%clk 0:39:56]} Kg4 {[%clk 1:11:15]} 56. Kf2
{[%clk 0:39:38]} Kh3 {[%clk 1:08:30]} 57. Kg1 {[%clk 0:39:30]} h4
{[%clk 1:07:17]} 58. gxh4 {[%clk 0:39:27]} gxh4 {[%clk 1:05:22]} 59. Nc5
{[%clk 0:39:38]} Kg4 {[%clk 1:05:41]} 60. Kg2 {[%clk 0:39:30]} h3+
{[%clk 1:05:55]} 61. Kf2 {[%clk 0:38:49]} Kf4 {[%clk 1:06:13]} 62. Ke2
{[%clk 0:38:05]} Kg4 {[%clk 1:06:02]} 63. Ke3 {[%clk 0:38:18]} Kg5
{[%clk 1:06:12]} 64. Kf3 {[%clk 0:38:32]} Kh4 {[%clk 1:05:31]} 65. Kf4
{[%clk 0:38:31]} Kh5 {[%clk 1:05:45]} 66. Kg3 {[%clk 0:38:43]} Kg5
{[%clk 1:06:08]} 67. Kxh3 Kh5 68. Kg3 {[%clk 0:37:36]} Kg5 {[%clk 1:06:28]} 69.
h4+ {[%clk 0:37:40]} Kh5 {[%clk 1:06:46]} 70. Nd3 {[%clk 0:37:38]} Kh6
{[%clk 1:06:56]} 71. Kg4 {[%clk 0:37:47]} Kg6 {[%clk 1:07:15]} 72. h5+
{[%clk 0:37:01]} Kh6 {[%clk 1:07:31]} 73. Nc5 {[%clk 0:36:38]} Kh7
{[%clk 1:06:46]} 74. Kg5 {[%clk 0:34:16]} Kg7 {[%clk 1:03:59]} 75. Nd3
{[%clk 0:34:31]} Kh7 {[%clk 1:03:58]} 76. Nf4 {[%clk 0:34:45]} Kg7
{[%clk 1:03:31]} 77. Kf5 {[%clk 0:29:10]} Kh6 {[%clk 1:03:19]} 78. Ke6
{[%clk 0:27:05]} Kg7 {[%clk 1:02:55]} 79. Kf5 {[%clk 0:26:17]} Kh7
{[%clk 1:01:46]} 80. Kg5 {[%clk 0:25:29]} Kg7 {[%clk 1:01:50]} 81. Ne6+
{[%clk 0:25:05]} Kh7 {[%clk 1:01:22]} 82. h6 {[%clk 0:25:13]} Kg8
{[%clk 0:58:26]} 83. Kg6 {[%clk 0:24:45]} Kh8 {[%clk 0:58:45]} 84. Ng5
{[%clk 0:24:55]} Kg8 {[%clk 0:58:46]} 1-0

[Event "World Chess Olympiad 2018"]
[Site "Batumi"]
[Date "2018.10.05"]
[Round "11"]
[Board "3"]
[WhiteFideId "16900049"]
[White "Espirito Santo Waldyr"]
[BlackFideId "15702391"]
[Black "Tilahun Abel Mathewos"]
[Result "1-0"]
[LiveChessVersion "1.4.8"]
[BlackElo "2015"]
[WhiteElo "1903"]

1. e4 {[%clk 1:30:42]} e6 {[%clk 1:30:51]} 2. d4 {[%clk 1:30:47]} d5
{[%clk 1:31:15]} 3. Nc3 {[%clk 1:30:50]} Nf6 {[%clk 1:31:28]} 4. Bg5
{[%clk 1:30:51]} Be7 {[%clk 1:31:50]} 5. e5 {[%clk 1:31:02]} Nfd7
{[%clk 1:32:15]} 6. Bxe7 {[%clk 1:31:07]} Qxe7 {[%clk 1:32:37]} 7. Nb5
{[%clk 1:31:20]} Nb6 {[%clk 1:32:18]} 8. c3 {[%clk 1:30:36]} O-O {[%clk 1:32:05]}
9. Nf3 {[%clk 1:30:17]} a6 {[%clk 1:31:39]} 10. Na3 {[%clk 1:30:20]} c5
{[%clk 1:31:43]} 11. Nc2 {[%clk 1:30:21]} Nc6 {[%clk 1:31:41]} 12. Qd2
{[%clk 1:30:23]} cxd4 {[%clk 1:30:41]} 13. cxd4 {[%clk 1:30:39]} Nc4
{[%clk 1:29:36]} 14. Qc1 {[%clk 1:27:24]} f6 {[%clk 1:28:12]} 15. b3
{[%clk 1:27:12]} Nb6 {[%clk 1:27:19]} 16. exf6 {[%clk 1:24:55]} Qxf6
{[%clk 1:27:12]} 17. Qe3 {[%clk 1:22:35]} Ne7 {[%clk 1:19:01]} 18. Bd3
{[%clk 1:17:00]} Ng6 {[%clk 1:17:33]} 19. O-O {[%clk 1:12:02]} Bd7
{[%clk 1:17:29]} 20. Rfe1 {[%clk 1:06:14]} Rae8 {[%clk 1:14:22]} 21. Rac1
{[%clk 1:04:48]} Nf4 {[%clk 1:13:00]} 22. Bf1 {[%clk 1:02:59]} Re7
{[%clk 1:06:09]} 23. Ne5 {[%clk 1:00:29]} Be8 {[%clk 1:04:14]} 24. Nb4
{[%clk 0:59:04]} Bg6 {[%clk 1:01:09]} 25. g3 {[%clk 0:58:00]} Nh5
{[%clk 0:58:57]} 26. Bg2 {[%clk 0:55:55]} a5 {[%clk 0:54:46]} 27. Nxg6
{[%clk 0:52:07]} hxg6 {[%clk 0:52:26]} 28. Nd3 {[%clk 0:48:56]} Kh7
{[%clk 0:46:44]} 29. Ne5 {[%clk 0:45:28]} Nc8 {[%clk 0:40:22]} 30. Bf1
{[%clk 0:31:59]} Nd6 {[%clk 0:37:13]} 31. Bd3 {[%clk 0:29:43]} Nf5
{[%clk 0:30:43]} 32. Qf3 {[%clk 0:24:33]} Kg8 {[%clk 0:26:46]} 33. Qg4
{[%clk 0:23:30]} Kh7 {[%clk 0:14:38]} 34. Rc2 {[%clk 0:19:12]} b6
{[%clk 0:11:56]} 35. a4 {[%clk 0:18:34]} Rb7 {[%clk 0:08:42]} 36. Rec1
{[%clk 0:17:58]} Re7 {[%clk 0:08:28]} 37. f3 {[%clk 0:17:15]} Rb7
{[%clk 0:05:01]} 38. Re2 {[%clk 0:16:43]} Re7 {[%clk 0:04:29]} 39. Rc6
{[%clk 0:16:19]} Rb8 {[%clk 0:02:59]} 40. Kg2 {[%clk 0:45:51]} Reb7
{[%clk 0:32:01]} 41. Kf2 {[%clk 0:45:10]} Rf8 {[%clk 0:29:21]} 42. Rec2
{[%clk 0:44:36]} Re8 {[%clk 0:22:36]} 43. R2c3 {[%clk 0:39:22]} Reb8
{[%clk 0:20:25]} 44. Rc7 {[%clk 0:39:06]} Rxc7 {[%clk 0:18:45]} 45. Rxc7
{[%clk 0:39:20]} Kh6 {[%clk 0:13:32]} 46. Rf7 {[%clk 0:38:35]} Qg5
{[%clk 0:13:17]} 47. Rxf5 {[%clk 0:34:03]} Qxg4 {[%clk 0:09:17]} 48. Nxg4+
{[%clk 0:34:19]} Kh7 {[%clk 0:09:33]} 49. Rxh5+ {[%clk 0:34:36]} Kg8
{[%clk 0:09:44]} 50. Bxg6 {[%clk 0:34:51]} b5 {[%clk 0:09:55]} 51. Ne5
{[%clk 0:33:21]} bxa4 {[%clk 0:09:54]} 52. Bf7+ {[%clk 0:32:19]} Kf8
{[%clk 0:10:10]} 53. Rh8+ {[%clk 0:32:43]} Ke7 {[%clk 0:10:25]} 54. Rxb8
{[%clk 0:32:57]} a3 {[%clk 0:10:22]} 55. Ra8 {[%clk 0:32:57]} 1-0

[Event "World Chess Olympiad 2018"]
[Site "Batumi"]
[Date "2018.10.05"]
[Round "11"]
[Board "4"]
[WhiteFideId "10801839"]
[White "Abera Aydagnuhem Gezachew"]
[BlackFideId "16900057"]
[Black "Rita Jose"]
[Result "1-0"]
[LiveChessVersion "1.4.8"]
[BlackElo "1695"]
[WhiteElo "2116"]

1. e4 {[%clk 1:29:34]} c5 {[%clk 1:30:55]} 2. Nf3 {[%clk 1:29:57]} e6
{[%clk 1:30:30]} 3. d4 {[%clk 1:29:46]} cxd4 {[%clk 1:30:38]} 4. Nxd4
{[%clk 1:30:05]} a6 {[%clk 1:30:46]} 5. Nc3 {[%clk 1:30:08]} b5 {[%clk 1:30:15]}
6. Be3 {[%clk 1:29:29]} Bb7 {[%clk 1:30:17]} 7. f3 {[%clk 1:29:42]} Qc7
{[%clk 1:30:00]} 8. a3 {[%clk 1:28:01]} Nf6 {[%clk 1:30:12]} 9. Qd2
{[%clk 1:27:44]} d5 {[%clk 1:29:58]} 10. exd5 {[%clk 1:26:51]} Nxd5
{[%clk 1:30:09]} 11. Nxd5 {[%clk 1:25:50]} Bxd5 {[%clk 1:30:31]} 12. O-O-O
{[%clk 1:24:37]} Be7 {[%clk 1:29:34]} 13. Nf5 {[%clk 1:21:24]} O-O
{[%clk 1:28:29]} 14. Nxe7+ {[%clk 1:15:24]} Qxe7 {[%clk 1:25:50]} 15. Bd3
{[%clk 1:15:54]} Rd8 {[%clk 1:24:55]} 16. Rhe1 {[%clk 1:15:24]} Nc6
{[%clk 1:24:01]} 17. Bb6 {[%clk 1:07:08]} Rd7 {[%clk 1:22:21]} 18. Qe3
{[%clk 1:06:21]} Qf6 {[%clk 1:21:54]} 19. g4 {[%clk 1:02:15]} Rb7
{[%clk 1:20:06]} 20. f4 {[%clk 0:56:41]} Qh4 {[%clk 1:17:15]} 21. h3
{[%clk 0:50:39]} Bg2 {[%clk 1:13:09]} 22. Bc5 {[%clk 0:47:15]} Qxh3
{[%clk 1:09:14]} 23. Qxh3 {[%clk 0:47:02]} Bxh3 {[%clk 1:09:15]} 24. Rh1
{[%clk 0:47:07]} Bg2 {[%clk 1:05:38]} 25. Bxh7+ {[%clk 0:45:03]} Kh8
{[%clk 1:04:36]} 26. Be4+ {[%clk 0:44:59]} Bxh1 {[%clk 1:03:29]} 27. Rxh1+
{[%clk 0:45:17]} Kg8 {[%clk 1:03:41]} 28. Bxc6 {[%clk 0:45:30]} Rc7
{[%clk 1:03:21]} 29. Bxa8 {[%clk 0:45:19]} Rxc5 {[%clk 1:03:44]} 30. Re1
{[%clk 0:44:36]} Kf8 {[%clk 1:03:35]} 31. b4 {[%clk 0:41:18]} Rc4
{[%clk 0:59:05]} 32. Re4 {[%clk 0:41:15]} Rc7 {[%clk 0:58:14]} 33. Rd4
{[%clk 0:41:19]} Ke7 {[%clk 0:57:34]} 34. Bg2 {[%clk 0:40:40]} Rc3
{[%clk 0:56:32]} 35. Rd3 {[%clk 0:36:24]} Rc4 {[%clk 0:56:20]} 36. Rf3
{[%clk 0:35:14]} f6 {[%clk 0:55:13]} 37. Kd2 {[%clk 0:35:21]} Kd6
{[%clk 0:54:35]} 38. Bf1 {[%clk 0:34:30]} Rc6 {[%clk 0:53:29]} 39. Rc3
{[%clk 0:34:27]} Rb6 {[%clk 0:53:53]} 40. Rc5 {[%clk 1:04:20]} Kd7
{[%clk 1:23:05]} 41. c4 {[%clk 1:00:39]} Rd6+ {[%clk 1:22:49]} 42. Kc3
{[%clk 0:59:50]} bxc4 {[%clk 1:22:06]} 43. Bxc4 {[%clk 1:00:00]} Rb6
{[%clk 1:21:28]} 44. Ra5 {[%clk 0:59:57]} Kd6 {[%clk 1:20:45]} 45. Rxa6
{[%clk 1:00:07]} Rxa6 {[%clk 1:21:00]} 46. Bxa6 {[%clk 1:00:30]} e5
{[%clk 1:21:27]} 47. fxe5+ {[%clk 1:00:39]} Kxe5 {[%clk 1:21:39]} 48. Bc8
{[%clk 1:00:51]} Kd6 {[%clk 1:21:47]} 49. a4 {[%clk 1:01:05]} Kc7
{[%clk 1:22:02]} 50. Bf5 {[%clk 1:01:20]} 1-0

[Event "World Chess Olympiad 2018"]
[Site "Batumi"]
[Date "2018.10.05"]
[Round "11"]
[Board "1"]
[WhiteFideId "14306310"]
[White "Degondo Simplice Armel"]
[BlackFideId "5300118"]
[Black "Eid Fadi"]
[Result "0-1"]
[LiveChessVersion "1.4.8"]
[BlackElo "2328"]
[WhiteElo "2138"]

1. Nf3 {[%clk 1:30:54]} Nc6 {[%clk 1:30:49]} 2. d4 {[%clk 1:31:22]} d5
{[%clk 1:31:12]} 3. e3 {[%clk 1:31:30]} Bg4 {[%clk 1:31:29]} 4. Bb5
{[%clk 1:31:49]} e6 {[%clk 1:31:49]} 5. Nbd2 {[%clk 1:32:09]} Nge7
{[%clk 1:31:52]} 6. h3 {[%clk 1:32:03]} Bh5 {[%clk 1:32:14]} 7. g4
{[%clk 1:28:58]} Bg6 {[%clk 1:32:40]} 8. Ne5 {[%clk 1:29:23]} a6 {[%clk 1:33:03]}
9. Nxg6 {[%clk 1:26:54]} Nxg6 {[%clk 1:32:11]} 10. Be2 {[%clk 1:24:09]} e5
{[%clk 1:29:49]} 11. dxe5 {[%clk 1:16:29]} Ncxe5 {[%clk 1:30:01]} 12. Nf3
{[%clk 1:16:57]} c6 {[%clk 1:29:34]} 13. Bd2 {[%clk 1:11:17]} Bd6
{[%clk 1:28:46]} 14. Bc3 {[%clk 1:11:44]} Nxf3+ {[%clk 1:27:57]} 15. Bxf3
{[%clk 1:12:12]} Be5 {[%clk 1:28:16]} 16. Bxe5 {[%clk 1:10:51]} Nxe5
{[%clk 1:28:44]} 17. Be2 {[%clk 1:11:15]} Qb6 {[%clk 1:27:11]} 18. Qd4
{[%clk 1:10:35]} Qxd4 {[%clk 1:24:47]} 19. exd4 {[%clk 1:11:03]} Ng6
{[%clk 1:24:44]} 20. h4 {[%clk 1:11:13]} Nf4 {[%clk 1:19:39]} 21. Kd2
{[%clk 1:11:37]} O-O {[%clk 1:18:10]} 22. Bd3 {[%clk 1:11:29]} f5
{[%clk 1:10:26]} 23. g5 {[%clk 1:08:47]} g6 {[%clk 1:09:18]} 24. Rhe1
{[%clk 0:59:25]} Rae8 {[%clk 1:09:18]} 25. Bf1 {[%clk 0:58:23]} Re4
{[%clk 1:09:05]} 26. f3 {[%clk 0:55:25]} Re6 {[%clk 1:05:56]} 27. Rxe6
{[%clk 0:55:02]} Nxe6 {[%clk 1:06:24]} 28. c3 {[%clk 0:55:31]} Kf7
{[%clk 1:05:59]} 29. Re1 {[%clk 0:55:56]} h6 {[%clk 1:06:11]} 30. Bd3
{[%clk 0:48:23]} hxg5 {[%clk 1:06:29]} 31. h5 {[%clk 0:48:49]} gxh5
{[%clk 1:05:38]} 32. Bxf5 {[%clk 0:46:22]} Nf4 {[%clk 1:05:57]} 33. Rh1
{[%clk 0:43:23]} h4 {[%clk 1:04:31]} 34. Bh3 {[%clk 0:43:44]} Kg6
{[%clk 1:03:15]} 35. Bg4 {[%clk 0:41:30]} Re8 {[%clk 1:03:09]} 36. Rh2
{[%clk 0:41:57]} Kf6 {[%clk 1:02:59]} 37. Bd7 {[%clk 0:42:15]} Re7
{[%clk 1:03:22]} 38. Bg4 {[%clk 0:41:58]} a5 {[%clk 1:03:09]} 39. Rf2
{[%clk 0:34:07]} b6 {[%clk 1:03:07]} 40. Rh2 {[%clk 1:03:50]} c5 {[%clk 1:33:06]}
41. b3 {[%clk 1:02:39]} cxd4 {[%clk 1:33:11]} 42. cxd4 {[%clk 1:03:07]} b5
{[%clk 1:33:28]} 43. a3 {[%clk 1:00:05]} b4 {[%clk 1:33:48]} 44. axb4 axb4
{[%clk 1:34:11]} 45. Kd1 {[%clk 0:57:28]} h3 {[%clk 1:32:40]} 46. Rc2
{[%clk 0:52:28]} Re3 {[%clk 1:32:34]} 47. Rc6+ {[%clk 0:52:40]} Ke7
{[%clk 1:32:28]} 48. Rc7+ {[%clk 0:51:05]} Kd6 {[%clk 1:32:48]} 49. Rh7
{[%clk 0:48:22]} Rxb3 {[%clk 1:32:44]} 50. Kc2 {[%clk 0:45:37]} Rc3+
{[%clk 1:32:56]} 51. Kb1 {[%clk 0:44:06]} Kc6 {[%clk 1:31:32]} 52. Bxh3
{[%clk 0:43:58]} Nxh3 {[%clk 1:31:14]} 53. Rxh3 {[%clk 0:44:26]} Kb5
{[%clk 1:31:33]} 54. Rg3 {[%clk 0:43:53]} Kc4 {[%clk 1:29:35]} 55. Kb2
{[%clk 0:43:22]} Re3 {[%clk 1:29:52]} 56. Rxg5 {[%clk 0:43:32]} Rxf3
{[%clk 1:29:26]} 57. Rg8 {[%clk 0:43:19]} Rf2+ {[%clk 1:29:47]} 58. Kc1
{[%clk 0:43:07]} Kxd4 {[%clk 1:29:30]} 59. Rb8 {[%clk 0:43:20]} Kd3
{[%clk 1:28:27]} 60. Rxb4 {[%clk 0:43:19]} Kc3 {[%clk 1:28:48]} 61. Rf4
{[%clk 0:42:56]} Rxf4 {[%clk 1:28:43]} 0-1

[Event "World Chess Olympiad 2018"]
[Site "Batumi"]
[Date "2018.10.05"]
[Round "11"]
[Board "2"]
[WhiteFideId "5300398"]
[White "Tomb Maroun"]
[BlackFideId "20800088"]
[Black "Ble Kouko Hubert"]
[Result "1-0"]
[LiveChessVersion "1.4.8"]
[BlackElo "1829"]
[WhiteElo "2177"]

1. e4 {[%clk 1:30:55]} e5 {[%clk 1:30:55]} 2. Nf3 {[%clk 1:31:19]} Nc6
{[%clk 1:31:19]} 3. Bb5 {[%clk 1:31:44]} a6 {[%clk 1:31:43]} 4. Ba4
{[%clk 1:32:09]} Nf6 {[%clk 1:32:05]} 5. d4 {[%clk 1:32:34]} exd4
{[%clk 1:27:15]} 6. O-O {[%clk 1:33:01]} Be7 {[%clk 1:25:25]} 7. e5
{[%clk 1:33:14]} Nd5 {[%clk 1:25:21]} 8. Nxd4 {[%clk 1:32:29]} Nb6
{[%clk 1:20:19]} 9. Nf5 {[%clk 1:32:44]} Rg8 {[%clk 1:10:39]} 10. Nxe7
{[%clk 1:30:07]} Qxe7 {[%clk 1:10:46]} 11. Bb3 {[%clk 1:29:20]} d5
{[%clk 1:01:54]} 12. exd6 {[%clk 1:29:29]} cxd6 {[%clk 1:02:21]} 13. Be3
{[%clk 1:26:42]} Nd7 {[%clk 0:59:07]} 14. Nc3 {[%clk 1:26:31]} Nf6
{[%clk 0:58:56]} 15. Bg5 {[%clk 1:19:55]} Be6 {[%clk 0:55:37]} 16. Re1
{[%clk 1:19:42]} O-O-O {[%clk 0:52:50]} 17. Nd5 {[%clk 1:13:49]} Qf8
{[%clk 0:51:29]} 18. Nxf6 {[%clk 1:13:31]} gxf6 {[%clk 0:51:35]} 19. Bxf6
{[%clk 1:13:38]} Re8 {[%clk 0:45:30]} 20. Bh4 {[%clk 1:06:43]} Rg6
{[%clk 0:26:07]} 21. Bg3 {[%clk 1:05:24]} Rd8 {[%clk 0:23:46]} 22. Qd2
{[%clk 1:00:46]} h5 {[%clk 0:22:07]} 23. Re4 {[%clk 0:57:47]} Qg7
{[%clk 0:18:29]} 24. c3 {[%clk 0:53:14]} d5 {[%clk 0:16:22]} 25. Rh4
{[%clk 0:50:53]} Rg5 {[%clk 0:14:41]} 26. Re1 {[%clk 0:48:29]} Ne5
{[%clk 0:11:50]} 27. Bd1 {[%clk 0:41:21]} Nc6 {[%clk 0:09:29]} 28. Qf4
{[%clk 0:39:49]} Rd7 {[%clk 0:05:21]} 29. Rxh5 {[%clk 0:37:35]} Rg6
{[%clk 0:02:48]} 30. Bf3 {[%clk 0:34:19]} Rf6 {[%clk 0:02:13]} 31. Qh4
{[%clk 0:32:13]} Rd8 {[%clk 0:01:44]} 32. Rh7 {[%clk 0:31:19]} Qg6
{[%clk 0:00:41]} 33. Rh8 {[%clk 0:31:21]} 1-0